| 000 | 00338nam a2200133Ia 4500 | ||
|---|---|---|---|
| 005 | 20251222144648.0 | ||
| 008 | 251222s9999||||xx |||||||||||||| ||spa|| | ||
| 020 | _a0-631-19711-7 | ||
| 082 | _a410/F85 | ||
| 100 | _aFromkin,Victoria A. | ||
| 245 | 0 | _aLinguistics an Introduction to Linguistic Theory | |
| 264 | _bBlackwell | ||
| 942 | _cLIB | ||
| 999 |
_c16944 _d16944 |
||